Application du régime d'emprisonnement individuel en France / (Record no. 25014)

MARC details
000 -LEADER
campo de control de longitud fija 01022nam a2200205 i 4500
001 - NÚMERO DE CONTROL
campo de control 25014
003 - IDENTIFICADOR DE NÚMERO DE CONTROL
campo de control ES-MaACL
005 - FECHA Y HORA DE LA ÚLTIMA TRANSACCIÓN
campo de control 20250719062532.0
007 - CAMPO FIJO DE DESCRIPCIÓN FÍSICA--INFORMACIÓN GENERAL
campo de control de longitud fija t|
008 - DATOS DE LONGITUD FIJA--INFORMACIÓN GENERAL
campo de control de longitud fija 021219s1885 fr |||| | fre d
110 1# - ENTRADA PRINCIPAL--NOMBRE DE ENTIDAD CORPORATIVA
Nombre de entidad corporativa o nombre de jurisdicción como elemento de entrada Francia.
Unidad subordinada Ministère de l'Intérieur.
9 (RLIN) 134396
245 10 - MENCIÓN DEL TÍTULO
Título Application du régime d'emprisonnement individuel en France /
Mención de responsabilidad, etc. [Ministère de l'Intérieur].
260 ## - PUBLICACIÓN, DISTRIBUCIÓN, ETC.
Lugar de publicación, distribución, etc. París :
Nombre del editor, distribuidor, etc. [s.n.],
Fecha de publicación, distribución, etc. 1885 (
Fabricante Imp.du Journal Officiel)
300 ## - DESCRIPCIÓN FÍSICA
Extensión 136 p. ;
Dimensiones 25 cm.
650 ## - PUNTO DE ACCESO ADICIONAL DE MATERIA--TÉRMINO DE MATERIA
Término de materia o nombre geográfico como elemento de entrada Derecho penitenciario-
Subdivisión geográfica Francia.
9 (RLIN) 141896
852 ## - LOCALIZACIÓN
Ubicación ES-MaACL
Número de control de estantería D-68(3)
Ubicación en estantería Sala Valle Inclán
Sublocalización o colección R.FOLL.1/3
Signatura antigua Olim: 193-C-18
Marcas de propiedad Sello en tinta en portada: "Donativo del Sr. Lastres al Ateneo de Madrid. 1707".
Anotaciones manuscritas Anotación manuscrita en cubierta: "Folletos Penitenciarios. Tomo 8"
Donativo/Legado Donación: Francisco Lastres y Juiz
Encuadernación Encuadernación holandesa
-- Encuadernado con otras obras formando un volumen facticio.
itemnumber 25941
903 ## - NOMBRE PERSONAL DE DONANTE
a Lastres y Juiz, Francisco,
d 1848-1918
q 1
e Donante
9 70504
942 ## - ELEMENTOS DE ENTRADA SECUNDARIOS (KOHA)
Fuente del sistema de clasificación o colocación Clasificación decimal universal
Tipo de ítem Koha Folleto
Holdings
Estatus retirado Estado de pérdida Fuente del sistema de clasificación o colocación Estado de daño No para préstamo Colección Biblioteca de origen Biblioteca actual Ubicación en estantería Fecha de adquisición Fuente de adquisición Total de préstamos Signatura topográfica completa Código de barras Visto por última vez Precio de reemplazo Tipo de ítem Koha
    Clasificación decimal universal     Colección de folletos Biblioteca del Ateneo de Madrid Biblioteca del Ateneo de Madrid Sala Valle Inclán 17/01/2008 Donación   D-68(3) 901025791 23/02/2023 23/02/2023 Folleto